[Event "AUTO-ELITE-2590"]
[Site "http://www.queenalice.com/game.php?id=1860421"]
[Date "2025.7.23"]
[Round "1"]
[White "Ahlkhanvio"]
[Black "danielglowinski"]
[Result "1-0"]
[WhiteElo "2564"]
[BlackElo "2425"]

1. d4 d5 2. c4 dxc4 3. e3 e6 4. Bxc4 Nf6 5. Nf3 c5 6. O-O Nc6 7. Qe2 cxd4 8. Rd1
Bd6 9. exd4 O-O 10. Bg5 h6 11. Bh4 g5 12. Bg3 Bxg3 13. hxg3 Qb6 14. Nc3 Rd8 15.
Bb3 Bd7 16. Ne4 Nxe4 17. Qxe4 Rac8 18. d5 Na5 19. Bc2 f5 20. Qe2 Qxb2 21. Nd4
exd5 22. Rab1 Qc3 23. Bxf5 Bxf5 24. Nxf5 Kh8 25. Nxh6 Qf6 26. Qh5 Rd7 27. Ng4+
Rh7 28. Qxh7+ Kxh7 29. Nxf6+ Kg7 30. Nxd5 1-0

[Event "AUTO-ELITE-2590"]
[Site "http://www.queenalice.com/game.php?id=1860422"]
[Date "2025.7.23"]
[Round "1"]
[White "danielglowinski"]
[Black "Ahlkhanvio"]
[Result "0-1"]
[WhiteElo "2447"]
[BlackElo "2585"]

1. e4 e6 2. d4 d5 3. e5 c5 4. c3 Qb6 5. Nf3 Nc6 6. Bd3 cxd4 7. cxd4 Bd7 8. O-O
Nxd4 9. Nbd2 Nxf3+ 10. Nxf3 Bb5 11. Be3 Qa6 12. Bxb5+ Qxb5 13. Rc1 Qd7 14. Ng5
Ne7 15. Qh5 Ng6 16. Nxh7 Be7 17. f4 Rc8 18. Rxc8+ Qxc8 19. Rc1 Qd7 20. f5 exf5
21. Bxa7 d4 22. e6 Qxe6 23. Bxd4 Qe4 24. Bf2 Qg4 25. Rc8+ Kd7 26. Qxg4 fxg4 27.
Rxh8 Nxh8 28. Bd4 f6 29. h4 gxh3 30. gxh3 Ke6 31. Kf2 Kf7 32. a3 Kg6 33. Nxf6
Bxf6 34. Ke3 Kf5 35. b4 Nf7 36. a4 Ne5 37. Bc3 Nc4+ 38. Kd3 Nb2+ 39. Bxb2 Bxb2
40. Kc4 g5 41. a5 Bc1 42. b5 Ke5 43. a6 bxa6 44. bxa6 Be3 0-1

[Event "AUTO-ELITE-2590"]
[Site "http://www.queenalice.com/game.php?id=1860424"]
[Date "2025.7.23"]
[Round "1"]
[White "Caronte"]
[Black "Ahlkhanvio"]
[Result "1/2-1/2"]
[WhiteElo "2703"]
[BlackElo "2573"]

1. e4 e6 2. d4 d5 3. Nc3 Nf6 4. Bg5 dxe4 5. Nxe4 Be7 6. Bxf6 Bxf6 7. Nf3 Nd7 8.
Qd2 O-O 9. O-O-O b6 10. Qe3 Bb7 11. Ne5 c5 12. Nxf6+ Nxf6 13. dxc5 Nd5 14. Qg3
Qc7 15. Bc4 Rfc8 16. Rd4 Qxc5 17. Rhd1 b5 18. Bb3 a5 19. R1d2 Qc7 20. a4 f6 21.
Nd3 Qxg3 22. hxg3 bxa4 23. Rxa4 Kf7 24. Nf4 Nxf4 25. gxf4 Rc7 26. f3 Bc6 27. Ra3
g6 28. Ba2 Bd7 29. g4 Kg7 30. b4 Raa7 31. bxa5 h5 32. Rd6 h4 33. Bxe6 Bxe6 34.
Rxe6 Rc5 35. a6 h3 36. Re1 Rc6 37. Rh1 Rcxa6 38. Rxa6 Rxa6 39. Rxh3 Ra4 40. Kd2
Rxf4 41. Ke3 g5 42. Rh2 Kg6 43. Rd2 Rc4 44. Kd3 Rf4 45. Ke2 Rc4 46. Kd1 Rf4 47.
Rd3 f5 48. gxf5+ Kxf5 49. c3 g4 50. fxg4+ Rxg4 51. Kc2 Ke5 52. Kb3 Rg8 53. c4
Rb8+ 54. Kc3 Ke6 55. c5 Ke7 56. Kc4 Rd8 57. Re3+ Kd7 58. Rh3 Kc7 59. Rh6 Rd1 60.
Rh7+ Kc6 61. Rh6+ Kc7 62. Kb5 Rb1+ 63. Kc4 Rc1+ 64. Kd5 Rd1+ 65. Ke5 Re1+ 66.
Kd4 Rd1+ 67. Ke4 Re1+ 68. Kd3 Rd1+ 69. Ke4 Re1+ 70. Kd5 Rd1+ 71. Ke4 1/2-1/2

[Event "AUTO-ELITE-2592"]
[Site "http://www.queenalice.com/game.php?id=1861179"]
[Date "2025.8.5"]
[Round "1"]
[White "trompmaster"]
[Black "Ahlkhanvio"]
[Result "1-0"]
[WhiteElo "2443"]
[BlackElo "2579"]

1. d4 d5 2. Nf3 e6 3. e3 Nf6 4. Bd3 b6 5. Qe2 Bb7 6. Nbd2 c5 7. c3 Be7 8. e4
dxe4 9. Nxe4 cxd4 10. Nxd4 O-O 11. O-O Qd5 12. Bg5 Nbd7 13. f3 h6 14. Bh4 Qh5
15. Nxf6+ Nxf6 16. Bg3 Rfd8 17. Rad1 Bd6 18. Bxd6 Rxd6 19. f4 Qxe2 20. Bxe2 Rad8
21. Kf2 a6 22. g3 b5 23. a3 g6 24. Bf3 Bxf3 25. Kxf3 Kg7 26. Rfe1 Nd5 27. Re2
Nb6 28. g4 Rd5 29. h4 Nc4 30. Kf2 a5 31. Ra1 h5 32. g5 a4 33. Kf3 R8d7 34. Rd1
Rd8 35. Kf2 Kg8 36. Rde1 R8d7 37. Kg3 Kg7 38. Kf3 Kf8 39. Kf2 Ke7 40. Rd1 Kd8
41. Rb1 Kc8 42. Kg2 Rc5 43. Rbe1 Rcd5 44. Kf3 Kc7 45. Kf2 Kb6 46. Kf3 Kc5 47.
Kg2 1-0

[Event "AUTO-ELITE-2578"]
[Site "http://www.queenalice.com/game.php?id=1862573"]
[Date "2025.9.5"]
[Round "2"]
[White "Sexxy_Bunny"]
[Black "Ahlkhanvio"]
[Result "1/2-1/2"]
[WhiteElo "2692"]
[BlackElo "2571"]

1. e4 e5 2. Nf3 Nc6 3. Bb5 a6 4. Ba4 Nf6 5. O-O Be7 6. Re1 b5 7. Bb3 d6 8. c3
O-O 9. h3 Nb8 10. d4 Nbd7 11. Nbd2 Bb7 12. Bc2 Re8 13. Nf1 Bf8 14. Ng3 g6 15. a4
c5 16. d5 c4 17. Bg5 Be7 18. Qd2 Nc5 19. Bh6 Nfd7 20. Nh2 bxa4 21. Bxa4 Nxa4 22.
Rxa4 a5 23. Ng4 Nb6 24. Raa1 Bc8 25. Be3 h5 26. Nh2 Nd7 27. Nf3 Ba6 28. Qe2 Qc7
29. Ng5 Qd8 30. h4 Nf6 31. Nf1 Qc7 32. f4 Bc8 33. Nd2 exf4 34. Bd4 Ng4 35. Qxc4
Qd8 36. Ndf3 Bd7 37. Qe2 Bf6 38. Qd2 Be5 39. Rac1 Rb8 40. Bxe5 dxe5 41. c4 Qb6+
42. c5 Qa7 43. Kh1 Rb5 44. c6 Nf2+ 45. Qxf2 Qxf2 46. cxd7 Rd8 47. Rc8 Rb8 48.
Rxb8 Rxb8 49. Rc1 Kg7 50. Nxf7 Qxb2 51. Rc8 Qa1+ 52. Kh2 Rb1 53. Rg8+ Kxg8 54.
d8=Q+ Kg7 55. Qh8+ Kxf7 56. Nxe5+ Ke7 57. Nc6+ Kd6 58. Qf8+ Kc7 59. Qxf4+ Kb6
60. Qf2+ Ka6 61. Qa7+ Kb5 62. Nd4+ Kc4 63. Nf3 Qf6 64. Qc7+ Kd3 65. Qg3 Kxe4 66.
Nd2+ Kxd5 67. Nxb1 Qe5 68. Qxe5+ Kxe5 69. Kg3 a4 70. Kf3 Kf5 71. Na3 g5 72. hxg5
Kxg5 73. Kg3 h4+ 74. Kh3 Kh5 75. Nb5 Kg5 76. Na3 Kh5 77. Nb5 Kg5 78. Na3 1/2-1/2

[Event "AUTO-ELITE-2578"]
[Site "http://www.queenalice.com/game.php?id=1862574"]
[Date "2025.9.5"]
[Round "2"]
[White "Ahlkhanvio"]
[Black "Sexxy_Bunny"]
[Result "1/2-1/2"]
[WhiteElo "2569"]
[BlackElo "2676"]

1. d4 Nf6 2. Bg5 d5 3. Bxf6 exf6 4. e3 Bd6 5. Nd2 c6 6. Bd3 O-O 7. Qf3 a5 8. Ne2
Na6 9. c3 Nc7 10. h4 Re8 11. g4 Ne6 12. O-O-O b5 13. Rdg1 g6 14. h5 Ng5 15. Qg2
b4 16. c4 Ba6 17. Kb1 Ra7 18. Nc1 dxc4 19. Bxc4 Bxc4 20. Nxc4 Bf8 21. Nd2 Qd5
22. Qxd5 cxd5 23. Nd3 Ne4 24. Nxe4 dxe4 25. Nf4 a4 26. Rc1 Ra5 27. Rc6 f5 28.
hxg6 hxg6 29. gxf5 Rxf5 30. Rh2 Kg7 31. Kc2 Rb5 32. Rg2 Reb8 33. Kd1 R8b6 34.
Rc4 Bd6 35. Rg4 Ra6 36. Ne2 f5 37. Rg1 Rbb6 38. Kd2 Kf7 39. Rh1 g5 40. Rh7+ Kg6
41. Rh8 Rc6 42. Rxc6 Rxc6 43. Ra8 a3 44. b3 Rb6 45. Rg8+ Kf6 46. Ng3 Bxg3 47.
fxg3 Rb7 48. Rf8+ Kg6 49. Rh8 Rb6 50. Rf8 Rc6 51. Rh8 Rf6 52. Rh2 Rd6 53. Rh8
Rf6 54. Ke2 Kg7 55. Rh5 Rf8 56. Kd2 Kg6 57. Rh2 Kf6 58. Rh6+ Kf7 59. Rh5 Rg8 60.
Rh7+ Ke6 61. Rh6+ Kf7 62. Rh7+ Ke6 63. Rh6+ Kf7 64. Rh7+ 1/2-1/2

[Event "AUTO-ELITE-2585"]
[Site "http://www.queenalice.com/game.php?id=1865646"]
[Date "2025.11.15"]
[Round "3"]
[White "trompmaster"]
[Black "Ahlkhanvio"]
[Result "1/2-1/2"]
[WhiteElo "2487"]
[BlackElo "2566"]

1. d4 d5 2. Nc3 Nf6 3. Bf4 c5 4. e3 cxd4 5. exd4 a6 6. Nf3 Nc6 7. Bd3 Bg4 8. Be2
e6 9. O-O Bd6 10. Ne5 Bxe2 11. Nxe2 Bxe5 12. Bxe5 Nxe5 13. dxe5 Nd7 14. f4 O-O
15. Nd4 Qc7 16. Qd2 Nc5 17. Qe3 Ne4 18. Rac1 b5 19. c3 Rac8 20. a3 h6 21. Rcd1
Qb8 22. g3 a5 23. Rc1 Rc4 24. Rc2 Rfc8 25. Rfc1 Qb7 26. g4 Qb6 27. Kg2 R8c7 28.
b3 R4c5 29. f5 b4 30. cxb4 Rxc2+ 31. Rxc2 axb4 32. Rxc7 Qxc7 33. axb4 exf5 34.
gxf5 Qxe5 35. b5 Qb8 36. Kh1 Qb6 37. Kg1 Qc5 38. Kg2 Kh8 39. Kg1 Kg8 40. Kg2 Qb4
41. Kg1 Qc5 1/2-1/2

[Event "AUTO-ELITE-2585"]
[Site "http://www.queenalice.com/game.php?id=1865647"]
[Date "2025.11.15"]
[Round "3"]
[White "Ahlkhanvio"]
[Black "trompmaster"]
[Result "1-0"]
[WhiteElo "2575"]
[BlackElo "2503"]

1. d4 Nf6 2. Bg5 Ne4 3. Bf4 d5 4. e3 Bf5 5. f3 Nd6 6. Nd2 Nc6 7. a3 e6 8. c4 g5
9. Bg3 Bg6 10. Rc1 Bg7 11. Bf2 Nf5 12. g4 Nfe7 13. h4 gxh4 14. cxd5 Qxd5 15. Ne2
O-O-O 16. Nc3 Qd7 17. Nde4 Kb8 18. Qa4 h5 19. Nc5 Qc8 20. g5 Ka8 21. f4 Nd5 22.
Ba6 Na5 23. Qxa5 bxa6 24. Nxa6 Nxc3 25. Rxc3 Qb7 26. Nxc7+ Kb8 27. Rxh4 Rc8 28.
Na6+ Ka8 29. Nc7+ Kb8 30. Qa4 Rxc7 31. Rb3 Rc1+ 32. Ke2 Rc2+ 33. Kf1 Rxb2 34.
Rxb7+ Rxb7 35. Be1 Rb1 36. Ke2 Rc8 37. Kf3 Bc2 38. Qa5 Rb3 39. Bg3 Ka8 40. f5
Bd1+ 41. Kg2 Rxe3 42. fxe6 fxe6 43. Rf4 Bb3 44. Bf2 Bd5+ 45. Qxd5+ exd5 46. Bxe3
Rc3 47. Bf2 Kb7 48. Rf7+ Rc7 49. Rxc7+ Kxc7 50. Kg3 Kd7 51. Kh4 Ke6 52. Kxh5 Kf5
53. a4 Bf8 54. g6 Kf4 55. Be1 Bg7 56. Bb4 Kf5 57. Bd6 Bxd4 58. Bc5 Bc3 59. Bxa7
Ke6 60. Kh6 Bf6 61. a5 Kd7 62. a6 Kc6 63. Bc5 d4 64. a7 Kb7 65. Bb6 d3 66. Be3
Bd4 67. Kh5 Bxe3 68. g7 d2 69. a8=Q+ Kxa8 70. g8=Q+ Kb7 71. Qd5+ Kc7 72. Kg4 Kc8
73. Kf3 Bg5 74. Ke2 1-0

[Event "AUTO-ELITE-2582"]
[Site "http://www.queenalice.com/game.php?id=1865921"]
[Date "2025.11.20"]
[Round "2"]
[White "Ahlkhanvio"]
[Black "Sexxy_Bunny"]
[Result "0-1"]
[WhiteElo "2568"]
[BlackElo "2682"]

1. d4 Nf6 2. Bg5 d5 3. e3 c5 4. Bxf6 gxf6 5. dxc5 e6 6. c4 dxc4 7. Nd2 c3 8.
bxc3 Bxc5 9. Qh5 Be7 10. Ngf3 Nc6 11. Bb5 Bd7 12. O-O a6 13. Be2 Qa5 14. Qh6 Qf5
15. Rab1 Na5 16. Nb3 Nxb3 17. Rxb3 Qg6 18. Qxg6 hxg6 19. Rxb7 Rh5 0-1

[Event "AUTO-ELITE-2582"]
[Site "http://www.queenalice.com/game.php?id=1865922"]
[Date "2025.11.20"]
[Round "2"]
[White "Sexxy_Bunny"]
[Black "Ahlkhanvio"]
[Result "1/2-1/2"]
[WhiteElo "2659"]
[BlackElo "2573"]

1. e4 e5 2. Nf3 Nc6 3. Bb5 Nf6 4. O-O Nxe4 5. d4 Nd6 6. Bxc6 dxc6 7. dxe5 Nf5 8.
Qxd8+ Kxd8 9. Nc3 Bd7 10. h3 h6 11. b3 Kc8 12. Bb2 b6 13. Rad1 c5 14. Nd5 a5 15.
a4 c4 16. g4 Ne7 17. e6 Bxe6 18. Nf4 cxb3 19. Nxe6 fxe6 20. cxb3 Nd5 21. Rfe1
Kb7 22. Nd4 Bb4 23. Re4 Nf6 24. Re2 Rhd8 25. Rc1 c5 26. Nxe6 Rd3 27. Be5 Rg8 28.
Kg2 Rxb3 29. Nxg7 Rxg7 30. Bxf6 Rg6 31. Re7+ Ka6 32. Be5 Rc6 33. h4 c4 34. Rc7
Rxc7 35. Bxc7 Be7 36. Rxc4 Bxh4 37. Rf4 Rb4 38. Bd6 Rb2 39. Be5 Rb4 40. Bd6 Rb2
41. Bf8 Bg5 42. Rf5 Ra2 43. Kg3 Bd2 44. f4 Rxa4 45. Bxh6 Ra3+ 46. Kg2 Ra4 47.
Kf3 Ra3+ 48. Kf2 Ra4 49. Rf8 b5 50. Ke2 Rd4 51. Kf3 b4 52. Bg7 Rd7 53. Be5 a4
54. g5 Bc3 55. Bxc3 bxc3 56. Rc8 Rd3+ 57. Ke4 Rg3 58. f5 Rg4+ 59. Ke5 Rxg5 60.
Rxc3 Kb5 61. Rf3 Kb4 62. Rf4+ Kb3 63. Rf3+ Kb2 64. Kf6 Rxf5+ 65. Rxf5 a3 66. Ra5
a2 67. Rxa2+ Kxa2 68. Ke5 1/2-1/2

[Event "AUTO-ELITE-2586"]
[Site "http://www.queenalice.com/game.php?id=1868077"]
[Date "2026.1.16"]
[Round "2"]
[White "Ahlkhanvio"]
[Black "WoodpusherKid"]
[Result "1/2-1/2"]
[WhiteElo "2571"]
[BlackElo "2693"]

1. d4 d5 2. c4 e6 3. Nc3 c6 4. e3 Nf6 5. Nf3 Nbd7 6. Bd3 dxc4 7. Bxc4 b5 8. Bd3
b4 9. Ne4 Nxe4 10. Bxe4 Bb7 11. O-O Be7 12. Qc2 h6 13. b3 a5 14. Bb2 O-O 15. Nd2
Qb8 16. Nc4 c5 17. Rfd1 Rd8 18. dxc5 Nxc5 19. Rxd8+ Bxd8 20. Bxb7 Qxb7 21. Nd6
Qc6 22. Rc1 Qxd6 23. Qxc5 Qxc5 24. Rxc5 a4 25. Kf1 f6 26. Ke2 Be7 27. Rc4 axb3
28. axb3 Ra2 29. Rc2 Bd6 30. Rd2 Kf7 31. Kd3 Bxh2 32. g3 Ra5 33. Ke2 h5 34. Kf3
h4 35. Kg2 Bxg3 36. fxg3 Rg5 37. Rd4 Rxg3+ 38. Kf2 Rh3 39. Rg4 Rh2+ 40. Rg2
Rxg2+ 41. Kxg2 g5 42. Kh3 Kg6 43. Bd4 Kf5 44. Bc5 Ke4 45. Bxb4 Kxe3 46. Be7 Kd4
47. Bxf6+ e5 48. Bxg5 Kc3 49. Kxh4 e4 50. Kg3 Kxb3 51. Kf4 e3 52. Kxe3 Kc3 53.
Bf6+ Kc4 54. Bc3 Kb3 55. Bb4 Ka2 56. Kd3 Kb1 57. Bc3 1/2-1/2

[Event "AUTO-ELITE-2586"]
[Site "http://www.queenalice.com/game.php?id=1868078"]
[Date "2026.1.16"]
[Round "2"]
[White "WoodpusherKid"]
[Black "Ahlkhanvio"]
[Result "1/2-1/2"]
[WhiteElo "2708"]
[BlackElo "2582"]

1. e4 e5 2. Nf3 Nc6 3. Bb5 Nf6 4. d3 Bc5 5. Bxc6 dxc6 6. O-O Qe7 7. Nbd2 Bg4 8.
Nc4 Nd7 9. Bd2 f6 10. a4 Be6 11. Na5 b6 12. b4 Bxf2+ 13. Rxf2 bxa5 14. bxa5 O-O
15. h3 c5 16. Nh4 Nb8 17. Nf5 Bxf5 18. exf5 Nc6 19. Qg4 Rfd8 20. Qc4+ Qf7 21.
Qxc5 Qd5 22. Qc3 Rab8 23. a6 Rb6 24. a5 Rxa6 25. Ra4 Qb5 26. Rc4 Nd4 27. Rb4 Qc6
28. Rc4 Qb5 29. Rxc7 Rc6 30. Rxc6 Nxc6 31. Be3 h6 32. Qa3 Kh7 33. a6 Qb1+ 34.
Kh2 Qe1 35. Rf3 Qb4 36. Qxb4 Nxb4 37. Bxa7 Nxa6 38. Rf2 Ra8 39. Bb6 Nb4 40. Bc5
Nd5 41. c4 Ra5 42. Bf8 Kg8 43. Bd6 Ra6 44. Bc5 Ra5 45. Bd6 Ra6 46. Bc5 Ra5 47.
Bd6 1/2-1/2

[Event "AUTO-ELITE-2586"]
[Site "http://www.queenalice.com/game.php?id=1868079"]
[Date "2026.1.16"]
[Round "2"]
[White "Ahlkhanvio"]
[Black "ecruzram"]
[Result "1/2-1/2"]
[WhiteElo "2591"]
[BlackElo "2560"]

1. d4 Nf6 2. Bg5 c5 3. d5 Qb6 4. Nc3 Qxb2 5. Bd2 Qb6 6. e4 d6 7. f4 e5 8. f5 Be7
9. g4 h6 10. h4 Na6 11. Rb1 Qd8 12. Qf3 Ng8 13. Bxa6 bxa6 14. Qg3 Bd7 15. Nf3
Nf6 16. Ke2 g6 17. fxg6 Bxg4 18. gxf7+ Kxf7 19. Bg5 Rg8 20. Bxf6 Bxf6 21. Nd1
Bh5 22. Rb7+ Kf8 23. Qh3 Rg4 24. Ne3 Rf4 25. Qe6 Rxf3 26. Rg1 Bg7 27. Rgxg7 Rf6+
28. Kd3 c4+ 29. Nxc4 Rxe6 30. dxe6 Qc8 31. Rh7 Be2+ 32. Kxe2 Qxc4+ 33. Kf3 Qf1+
1/2-1/2

[Event "AUTO-ELITE-2624"]
[Site "http://www.queenalice.com/game.php?id=1874119"]
[Date "2026.5.29"]
[Round "1"]
[White "Ahlkhanvio"]
[Black "Donidon"]
[Result "1-0"]
[WhiteElo "2590"]
[BlackElo "2236"]

1. d4 Nf6 2. c4 d5 3. cxd5 Qxd5 4. Nc3 Qa5 5. Bd2 c6 6. e4 e6 7. Nf3 Qd8 8. Qc2
Nbd7 9. Bd3 Be7 10. O-O Nf8 11. a3 Ng6 12. Rad1 O-O 13. e5 Nd5 14. g3 c5 15.
dxc5 Nxc3 16. Bxc3 Bxc5 17. Bxg6 Qe7 18. Bxh7+ Kh8 19. Be4 Bd7 20. Rfe1 Rab8 21.
Qd2 Ba4 22. Rc1 Qd8 23. Qxd8 Rbxd8 24. Bxb7 1-0